000 00369nam a2200157Ia 4500
100 _aYang Xin-She
650 _aMatlab
942 _cBK
366 _f20
654 _acomputational engg
245 _aIntroduction to Computational Engineering with Matlab
260 _bViva Books
_aMumbai
_c2008
082 _a005.131/YAN
_bYAN
300 _a248
546 _aENGLISH
999 _c33643
_d33643